000 00581nam a22001817a 4500
003 CEME
005 20210628205251.0
008 210224b xxu||||| |||| 00| 0 eng d
020 _a0-412-79950-2
040 _c.
082 _a658.576 REE'C
100 _aCamarinha, Matos L. M
_974675
245 _aRe-engineering for sustainable industrial production proceedings of international conference on integrated ans sustainable industrial production
260 _aLONDON
_bCHAPMAN & HALL
_c1997
300 _aVIII, 535P
650 _aINDUSTRIAL PRODUCTION
_974676
942 _cBK
_2ddc
999 _c580182
_d580182